000 02554nam a2200361 i 4500
001 CR9781108363235
003 UkCbUP
005 20250131171211.0
006 m|||||o||d||||||||
007 cr||||||||||||
008 170405s2023||||enk o ||1 0|eng|d
020 _a9781108363235 (ebook)
020 _z9781108421041 (hardback)
040 _aKO
_beng
041 0 _aeng
082 0 0 _a620/.4162015118
_223/eng/20221223
100 1 _aKorde, Umesh A.,
_eauthor.
245 1 0 _aEngineering mathematics for marine applications /
_cUmesh A. Korde, R. Cengiz Ertekin.
264 1 _aCambridge ;
_aNew York, NY :
_bCambridge University Press,
_c2023.
300 _a1 online resource (xiii, 413 pages) :
_bdigital, PDF file(s).
338 _aonline resource
500 _aTitle from publisher's bibliographic system (viewed on 11 May 2023).
505 0 _aVector calculus-I -- Vector calculus-II -- Complex variables -- Fourier analysis -- Ordinary differential equations-I -- Ordinary differential equations-II -- Partial differential equations-I -- Partial differential equations-II -- Dimensional analysis -- Viscous-fluid flow -- Ideal-fluid flow -- Water waves -- Wave diffraction and wave loads -- Prescribed body motions and floating bodies -- Irregular-sea analysis -- Introduction to analytical dynamics.
520 _aGaining expertise in marine floating systems typically requires access to multiple resources to obtain the knowledge required, but this book fills the long-felt need for a single cohesive source that brings together the mathematical methods and dynamic analysis techniques required for a meaningful analysis, primarily, of large and small bodies in oceans. You will be introduced to fundamentals such as vector calculus, Fourier analysis, and ordinary and partial differential equations. Then you'll be taken through dimensional analysis of marine systems, viscous and inviscid flow around structures surface waves, and floating bodies in waves. Real-life applications are discussed and end of chapter problems help ensure full understanding. Students and practicing engineers will find this an invaluable resource for developing problem solving and design skills in a challenging ocean environment through the use of engineering mathematics.
650 0 _aOcean engineering
_xMathematical models.
650 0 _aEngineering mathematics.
700 1 _aErtekin, Rifat Cengiz,
_eauthor.
856 4 0 _uhttps://doi.org/10.1017/9781108363235
904 _aRUDRA_R
905 _aR_RANJAN
942 _2ddc
_cEB
999 _c3296
_d3296